FNM dostane peniaze v štyroch splátkach vyplácanie podielnika fondu spôsobom, ktorý zákon o kolektívnom investovaní nepozná

Bibliographic Details
Main Authors: Ješko, Vladimír (Author), MK (Author)
Format: Article
Language:Slovak
ISSN:1335-4701
Subjects:

MARC

LEADER 00000nab a2200000 a 4500
001 vtls000855318
003 SK-MaSNL
005 20260305005418.0
008 140301c2003 xo 0 slo
015 |a SNBRB2003/12-35740 
035 |a CLN000206973 
040 |a SNKBUCL  |b slo  |c SNKBUCL  |e AACR2 
041 0 |a slo 
044 |a xo  |c SK 
080 |a 336.714(437.6):336.767:330.52:061.2(437.6)  |2 1997 
080 |a 330.52:061.2(437.6)  |2 1997 
100 1 |a Ješko, Vladimír  |4 aut  |9 11008 
214 1 0 |a Fond národného majetku dostane peniaze v štyroch splátkach 
245 1 0 |a FNM dostane peniaze v štyroch splátkach  |b vyplácanie podielnika fondu spôsobom, ktorý zákon o kolektívnom investovaní nepozná  |c Vladimír Ješko, mk 
246 1 3 |a Fond národného majetku dostane peniaze v štyroch splátkach 
610 7 |a Reštitučný otvorený podielový fond (Slovensko)  |x Fond národného majetku  |2 snkbucl  |9 1584201 
610 2 7 |a Fond národného majetku Slovenskej republiky  |2 snkbucl  |9 179298 
655 7 |a články z novín a časopisov  |2 snkbucl  |9 267496 
700 0 |a MK  |4 aut  |9 809280 
773 0 |t Hospodárske noviny  |g Roč. 11, č. 107 (6.-8.6.2003)  |x 1335-4701 
773 0 |t [Príl.] Burzové noviny  |g Č. 107 (6.-8.6.2003), s. 11  |x 1335-4701 
850 |a Slovenská národná knižnica v Martine 
852 |a SNK  |b KIS3GCP 
958 |a SK 
992 |a RBX 
999 |c 3240297  |d 3242227